| 000 | 00839nam a2200241Ia 4500 | ||
|---|---|---|---|
| 001 | dia_1624 | ||
| 003 | CHAP | ||
| 005 | 20251023154732.0 | ||
| 008 | 220117s1979 xx 000 0 und d | ||
| 010 | _a172168 | ||
| 040 | _cCHAP | ||
| 082 | _a630.717 E8 | ||
| 100 |
_aEvans, Donald D. ed. _9151161 |
||
| 245 | _aAppropriate Technology for Development, a Discussion and Case Histories, ed by D.D.E. and Laurie Nogg Adler. | ||
| 260 |
_aBoulder Colorado., Westview. _c1979 |
||
| 300 | _a482 p. | ||
| 400 | _aWESTVIEW SPECIAL STUDIES IN SOCIAL, POLITICAL, AND ECONOMIC DEVELOPMENT. | ||
| 600 |
_aAgricultula-Innovaciones Tecnológicas. 2. Desarrollo Rural I. Adler, Laurie N. II. t. _9151162 |
||
| 901 | _a630.717 E8 | ||
| 902 | _aM | ||
| 905 | _a0000001979 EU ILUS0000000000ING00 | ||
| 942 |
_cLIBRO _2ddc |
||
| 999 |
_c172168 _d172168 |
||